| 000 | 00000nas 2200000za 4500 |
| 001 | 9.805957 |
| 003 | CaOODSP |
| 005 | 20221107135758 |
| 007 | cr ||||||||||| |
| 008 | 151113d19221950oncmr p o f000#a0eng|d |
| 022 | |y0837-8460 |
| 040 | |aCaOODSP|beng |
| 043 | |an-cn--- |
| 086 | 1 |aCS72-002E-PDF |
| 245 | 00|aEmployment situation |h[electronic resource]. |
| 260 | |a[Ottawa] : |bDominion Bureau of Statistics, Employment Statistics Branch, |c[1923-1951]. |
| 310 | |aMonthly |
| 362 | 0 |aDec. [1922]-Dec. 1950. |
| 500 | |aDigitized edition from print [produced by Statistics Canada]. |
| 500 | |aSupplemented, 1943-1945 by: Sex distribution of the persons in recorded employment at ... (See CS72-D-02E-PDF). |
| 550 | |aIssue for Jan. 1923 published by Employment Statistics; Feb. 1923-May 1941, June 1941-Oct. 1943, Dec. 1943-May 1944, June 1949-Dec. 1950 by Dominion Bureau of Statistics; Nov. 1943, June 1944-Sept. 1948 by Employment Statistics Branch; Oct. 1948-May 1949 by Employment Section. |
| 692 | 07|2gccst|aLabour force |
| 710 | 1 |aCanada. |bDominion Bureau of Statistics. |bEmployment Section. |
| 710 | 1 |aCanada.|bDominion Bureau of Statistics.|bGeneral Statistics Branch. |
| 710 | 1 |aCanada.|bEmployment Statistics Branch. |
| 785 | 00|tEmployment and payrolls with average weekly earnings |w(CaOODSP)9.805961 |